Most Played Spocle Games Quiz Stats

 Plays Quiz not verified by Sporcle

Challenge
Share
Tweet
Embed
Score 0/15 Timer 12:00
0 Plays Today
Category Game % Correct
GeographyU.S. States
83.8%
HistoryU.S. Presidents
32.4%
SciencePeriodic Table
29.7%
SportsNFL Teams
29.7%
Just for Fun1-100
24.3%
Entertainment3 Letter Body Parts
16.2%
Movies Pixar Movies
13.5%
TelevisionThe Simpsons
13.5%
Category Game % Correct
Holiday12 Days of Christmas
10.8%
LiteratureHarry Potter Top 200
8.1%
LanguageCommonest English Words
8.1%
GamingPokemon Characters
8.1%
ReligionGreek Gods
5.4%
MusicFinish the Lyric
5.4%
MiscellaneousFast Food Restaurants
2.7%

You're not logged in!

Compare scores with friends on all Sporcle quizzes.
OR
Log In

You Might Also Like...

Show Comments

Extras

Top Quizzes Today


Score Distribution

Your Account Isn't Verified!

In order to create a playlist on Sporcle, you need to verify the email address you used during registration. Go to your Sporcle Settings to finish the process.

Report this User

Report this user for behavior that violates our Community Guidelines.

Details: